000
00342 a2200169 4500
001
190821
020
_a
978-85-7153-275-5
040
_c
Magnum
100
_a
Lanznaster, Roberto
240
1
0
_a
Pocotinhas
_l
por
245
1
0
_a
Pocotinhas
300
_a
43
362
0
_a
2011
440
1
_a
RHJ
697
_a
LITERATURA INFANTO
942
_c
BK
999
_c
190821
_d
190821